Most Visited Countries In Many Categories - Statistics

General Stats
  • This quiz has been taken 1,816 times
    1,705 since last reset
  • The average score is 16 of 20
Answer Stats
Most Visited Country % Correct
In North America United States
99%
In Asia China
98%
In Africa Egypt
97%
In the World France
94%
Portuguese Speaking Country Brazil
92%
In Southeast Asia Thailand
91%
In Latin America Mexico
88%
European Landlocked Country Austria
84%
Middle Eastern Country United Arab Emirates
79%
Asian Island Country Japan
77%
Middle Eastern Island Country Bahrain
75%
On the Iberian Peninsula Spain
75%
Bordering the Celtic Sea United Kingdom
75%
Caribbean Nation Dominican Republic
74%
Bordering the Adriatic Sea Italy
72%
Bordering the Black Sea Turkey
70%
Bordering the Baltic Sea Germany
68%
African Island Country Mauritius
65%
Non-Arab Middle Eastern Country Iran
54%
African Landlocked Country Zimbabwe
43%
No matching quizzes found
Score Distribution
Percent of People with Each Score
Percentile by Number Answered
Your Score History
You have not taken this quiz since the last reset